000
00272nam a22001337a 4500
008
181011b xxu||||| |||| 00| 0 eng d
020
_a
9780071777537
041
_a
eng
080
_a
371
100
_a
25
101
_a
EDU
245
_a
Logic
_c
Nolt, J
942
_2
udc
_c
BK
999
_c
49354
_d
49354